The Friday Multiple Choice Quiz (General Knowledge) #8 - Statistics

General Stats
  • This quiz has been taken 47 times
  • The average score is 5 of 10
Answer Stats
Question Answer % Correct
What do Americans call Autumn? Fall
96%
What is the biggest city in the world beginning with the letter 'O'? Osaka
85%
How many people are depicted in Grant Wood's painting American Gothic? Two
57%
In what year did the following all happen: Pluto was re-defined as a dwarf planet, Germany hosted the World Cup, and Saddam Hussein was executed in Iraq? 2006
49%
In Formula One, what colour flag is waved when a driver is about to be lapped? Blue
47%
Who wrote the novel Lucky Jim? Kingsley Amis
47%
Fasnet is the most southerly point of which country? Ireland
45%
What were Lee Dorsey's two 1966 UK top ten hit singles? Working In The Coalmine & Holy Cow
38%
In which English county are the annual World Conker Championships held? Northamptonshire
26%
In Western Europe, when does the Christian year begin? Advent
17%
No matching quizzes found
Score Distribution
Percent of People with Each Score
Percentile by Number Answered
Your Score History
You have not taken this quiz